000 01443nam0a2200373 4500
001 RU\NLR\BIBL_A\012723381
005 20260607042133.0
010 _a978-5-91631-321-5
_93000
021 _aRU
_bКН-П-21-081347
_9КН-П-21-6482
035 _a(NLR Aleph) 012723381
035 _a(RuMoRGB)010887674
090 _a12948759
_c12948759
100 _a20220304d2021 u y0rusy50 ca
101 0 _arus
102 _aRU
105 _aach z 000ay
181 0 _ai3
_baxxe
182 0 _an
200 1 _aЖизнь, подаренная дважды
_eмемуары
_fГригорий Бакланов
_gвступительная статья Геннадия Евграфова
203 _aТекст
_bвизуальный
_cнепосредственный
210 _aМосква
_cПРОЗАиК
_d2021
215 _a539, [1] с., [8] л. ил., портр., факс.
_d22
333 _a16+
606 1 _aРусская советская литература
_jВоспоминания, записки и т.п
_9888281
_3RU\NLR\AUTH\66496
675 _a821.161.1-94
_v4
686 2 _aШ5(2=Р)7,1
686 2 _aШ6(2=Р)75-491
700 1 _8rus
_7ca
_aБакланов
_bГ. Я.
_f1923-2009
_gГригорий Яковлевич
_3RU\NLR\AUTH\7720234
_93302
942 _cBOOK
980 _aNB